South Western Railway stations - Statistics

General Stats
  • This quiz has been taken 530 times
  • The average score is 94 of 204
Answer Stats
Answer % Correct
London Waterloo
95%
Clapham Junction
90%
Vauxhall
84%
Wimbledon
84%
Reading
81%
Hampton
80%
Woking
80%
Guildford
79%
Kingston
78%
Staines
77%
Hampton Court
76%
Hounslow
75%
Portsmouth Harbour
75%
Southampton Central
75%
Ascot
74%
Basingstoke
74%
Richmond
73%
Surbiton
73%
Shepperton
72%
Alton
71%
Bournemouth
70%
Queenstown Road
70%
Ash
69%
Weymouth
69%
Chertsey
68%
Chessington South
68%
Twickenham
68%
Raynes Park
67%
Exeter St Davids
66%
Southampton Airport Parkway
66%
Portsmouth & Southsea
65%
Chessington North
64%
Putney
64%
Poole
63%
Salisbury
63%
Windsor & Eton Riverside
63%
Barnes
62%
Strawberry Hill
62%
Winchester
62%
Farnborough
61%
New Malden
61%
Earlsfield
60%
Teddington
60%
Dorking
58%
Norbiton
58%
Epsom
57%
Weybridge
57%
Eastleigh
56%
Havant
56%
Virginia Water
56%
Wandsworth Town
56%
Barnes Bridge
55%
Esher
55%
Exeter Central
55%
Berrylands
54%
Feltham
54%
Kew Bridge
54%
Wokingham
54%
Farnham
52%
Isleworth
52%
Walton-on-Thames
52%
Aldershot
51%
Brentford
51%
Thames Ditton
51%
West Byfleet
51%
Egham
50%
Fleet
50%
Hampton Wick
50%
Winnersh
50%
Brockenhurst
49%
Fratton
49%
London Road
49%
Ryde Pier Head
49%
St Margarets
49%
Andover
48%
Byfleet & New Haw
48%
Chiswick
48%
Dorchester South
48%
Hook
48%
Lymington Pier
48%
Lymington Town
48%
Christchurch
47%
Leatherhead
47%
Ashford
46%
Axminster
46%
Bracknell
46%
Fareham
46%
Mortlake
46%
Motspur Park
46%
Shanklin
46%
Winnersh Triangle
46%
Yeovil Junction
46%
Honiton
45%
North Sheen
45%
Petersfield
45%
Godalming
44%
St Denys
44%
Syon Lane
44%
Tolworth
44%
Upwey
44%
Worcester Park
44%
Effingham Junction
43%
Ewell West
43%
Fulwell
43%
Totton
43%
Wool
43%
Malden Manor
42%
Micheldever
42%
Ryde Esplanade
41%
Cobham & Stoke d'Abernon
40%
Haslemere
40%
Hersham
40%
Hilsea
40%
Romsey
40%
Sandown
40%
Yeovil Pen Mill
40%
Addlestone
39%
Ashurst (New Forest)
39%
Datchet
39%
Sunbury
39%
Sunningdale
39%
Sway
39%
Wareham
39%
Whitton
39%
Box Hill & Westhumble
38%
Brookwood
38%
Cosham
38%
Earley
38%
New Milton
38%
Ash Vale
37%
Branksome
37%
Hamworthy
37%
Kempton Park
37%
Liss
37%
Pokesdown
37%
Beaulieu Road
36%
Camberley
36%
Liphook
36%
Shawford
36%
Swaythling
36%
Westbury
36%
Worplesdon
36%
Ryde St Johns Road
35%
Ashtead
34%
Bedhampton
34%
Castle Cary
34%
Frome
34%
Gillingham
34%
Lake
34%
Parkstone
34%
Redbridge
34%
Rowlands Castle
34%
Sunnymeads
34%
Winchfield
34%
Martins Heron
33%
Farncombe
32%
Feniton
32%
Hinton Admiral
32%
Longcross
32%
Oxshott
32%
Pinhoe
32%
Smallbrook Junction
32%
Whitchurch
32%
Bookham
31%
Chandler's Ford
31%
Clandon
31%
Crewkerne
31%
Milford
31%
Millbrook
31%
Portchester
31%
Sherborne
31%
Stoneleigh
31%
Upper Halliford
31%
Bentley
30%
Botley
30%
Brading
30%
Frimley
30%
Horsley
30%
Overton
30%
Wraysbury
30%
Dean
29%
Hedge End
29%
Templecombe
29%
Bagshot
28%
Claygate
28%
Grateley
28%
Holton Heath
28%
Moreton
28%
Tisbury
28%
Cranbrook
27%
Hinchley Wood
27%
Netley
27%
Swanwick
27%
Hamble
26%
Warminster
26%
Witley
26%
Bruton
25%
Sholing
25%
Whimple
25%
Woolston
24%
Mottisfont & Dunbridge
23%
Bitterne
22%
Bursledon
21%
Wanborough
21%
No matching quizzes found
Score Distribution
Percent of People with Each Score
Percentile by Number Answered
Your Score History
You have not taken this quiz